[Event "Quebec op"]
[Site "Montreal CAN"]
[Date "1982.08.07"]
[Round "7"]
[White "Rousseau, Daniel"]
[Black "Spraggett, Kevin"]
[Result "0-1"]
[WhiteElo "2100"]
[BlackElo "2465"]
[PlyCount "80"]
[GameId "2160767912848300"]
[EventDate "1982.08.01"]
[EventType "swiss"]
[EventRounds "8"]
[EventCountry "CAN"]
[SourceTitle "EXT 2002"]
[Source "ChessBase"]
[SourceDate "2001.11.25"]
[SourceVersion "1"]
[SourceVersionDate "2001.11.25"]
[SourceQuality "1"]

1. e4 c5 2. Nf3 e6 3. d4 cxd4 4. Nxd4 Nf6 5. Nc3 d6 6. f4 a6 7. Qf3 Qb6 8. Nb3 Nc6 9. Be3 Qc7 10. Bd3 Be7 11. O-O Nd7 12. Qg3 O-O 13. Qh3 Re8 14. g4 Nb4 15. Rad1 b5 16. Nd4 Nxd3 17. cxd3 b4 18. Nce2 Bf8 19. g5 g6 20. f5 exf5 21. Nf4 Bb7 22. Rc1 Qd8 23. Qg3 Ne5 24. Nxf5 gxf5 25. Nh5 Kh8 26. Rxf5 Bc8 27. Rff1 Be6 28. d4 Ng4 29. d5 Nxe3 30. Qxe3 Bg4 31. Nf6 Bd7 32. Qf2 Bg7 33. Nh5 Qxg5+ 34. Ng3 Be5 35. Rc7 Re7 36. Kh1 Rg8 37. Rg1 Bg4 38. Rxe7 Qxe7 39. Rf1 Qh4 40. Rg1 f6 0-1

[Event "Quebec op"]
[Site "Montreal CAN"]
[Date "1982.08.08"]
[Round "8"]
[White "Rousseau, Daniel"]
[Black "Guevremont, Grant"]
[Result "1-0"]
[WhiteElo "2100"]
[BlackElo "1951"]
[PlyCount "83"]
[GameId "2160767912848305"]
[EventDate "1982.08.01"]
[EventType "swiss"]
[EventRounds "8"]
[EventCountry "CAN"]
[SourceTitle "EXT 2022"]
[Source "ChessBase"]
[SourceDate "2021.10.06"]
[SourceVersion "1"]
[SourceVersionDate "2021.10.06"]
[SourceQuality "1"]

1. e4 c6 2. d4 d5 3. Nc3 dxe4 4. Nxe4 Nd7 5. Nf3 Ngf6 6. Ng3 e6 7. Bc4 Bd6 8. Qe2 Nb6 9. Bb3 O-O 10. O-O h6 11. c4 c5 12. Be3 Qc7 13. Rac1 Bd7 14. Bc2 Rac8 15. b4 Bxg3 16. fxg3 cxb4 17. Ne5 Ba4 18. Bxa4 Nxa4 19. Rxf6 gxf6 20. Bxh6 f5 21. Qh5 Qe7 22. Rf1 f6 23. Qg6+ Kh8 24. Bxf8 Rxf8 25. Rf4 fxe5 26. Rh4+ Qxh4 27. gxh4 exd4 28. Qh6+ Kg8 29. Qxe6+ Kh8 30. Qe5+ Kg8 31. Qxd4 b6 32. Qd7 Nc3 33. Qxa7 Rd8 34. h5 Rd1+ 35. Kf2 Rd2+ 36. Kg3 Rxa2 37. Qxb6 Rb2 38. Qg6+ Kf8 39. h6 Ne4+ 40. Kf4 Rf2+ 41. Ke5 Nc3 42. h7 1-0

[Event "Pre-COQ"]
[Site "Montreal CAN"]
[Date "1982.07.16"]
[Round "1"]
[White "Douville, Martin"]
[Black "Rousseau, Daniel"]
[Result "0-1"]
[WhiteElo "1607"]
[BlackElo "2091"]
[PlyCount "100"]
[GameId "2160767912848352"]
[EventDate "1982.07.16"]
[EventType "swiss"]
[EventRounds "5"]
[EventCountry "CAN"]
[SourceTitle "hb 2011"]

1. d4 d5 2. c4 dxc4 3. Nf3 Nf6 4. e3 e6 5. Bxc4 Be7 6. Nc3 O-O 7. O-O Nbd7 8. Qc2 c5 9. Rd1 cxd4 10. exd4 Qc7 11. Bb3 a6 12. Be3 b5 13. Rac1 Bb7 14. Nd5 Nxd5 15. Qxc7 Nxc7 16. Rxc7 Bxf3 17. gxf3 Rfd8 18. Rdc1 Bd6 19. R7c6 Nf6 20. h3 h6 21. Bd2 a5 22. Bd1 Nd5 23. a3 Bf4 24. R6c2 b4 25. axb4 axb4 26. Bxf4 Nxf4 27. Rc4 Nxh3+ 28. Kh2 Nf4 29. Bc2 Ra5 30. Re1 b3 31. Bxb3 Rb5 32. Bc2 Rxb2 33. Rb1 Rxb1 34. Bxb1 Ne2 35. Be4 Nxd4 36. Kg2 g5 37. Rc7 Ne2 38. Rc2 Nf4+ 39. Kg3 Rd1 40. Kh2 Kg7 41. Rc7 Rd2 42. Kg3 h5 43. Rc5 f5 44. Bb7 h4+ 45. Kh2 Rxf2+ 46. Kg1 Rb2 47. Rc7+ Kf6 48. Bc8 h3 49. Bd7 h2+ 50. Kh1 Nh5 0-1

[Event "Pre-COQ"]
[Site "Montreal CAN"]
[Date "1982.07.17"]
[Round "2"]
[White "Rousseau, Daniel"]
[Black "Singher, Jean-Pierre"]
[Result "1-0"]
[WhiteElo "2091"]
[BlackElo "1783"]
[PlyCount "63"]
[GameId "2160767912848356"]
[EventDate "1982.07.16"]
[EventType "swiss"]
[EventRounds "5"]
[EventCountry "CAN"]
[SourceTitle "hb 2011"]

1. e4 c5 2. Nf3 Nc6 3. d4 cxd4 4. Nxd4 Nf6 5. Nc3 e5 6. Ndb5 d6 7. Bg5 a6 8. Na3 b5 9. Nd5 Be7 10. Bxf6 Bxf6 11. c3 Rb8 12. Nc2 O-O 13. Bd3 a5 14. O-O Bg5 15. Qe2 Na7 16. f4 exf4 17. Nd4 Be6 18. Nxf4 Qb6 19. Kh1 Rfe8 20. Nfxe6 fxe6 21. Qg4 e5 22. Ne6 Bh6 23. Rf6 Qe3 24. Rf3 Qd2 25. Raf1 g6 26. h4 Nc6 27. Bxb5 Rxb5 28. Nc7 Rbb8 29. Nxe8 Rxe8 30. Qd7 Rf8 31. Rxf8+ Bxf8 32. Qf7+ 1-0

[Event "Pre-COQ"]
[Site "Montreal CAN"]
[Date "1982.07.17"]
[Round "3"]
[White "Spraggett, Kevin"]
[Black "Rousseau, Daniel"]
[Result "1-0"]
[WhiteElo "2540"]
[BlackElo "2091"]
[PlyCount "69"]
[GameId "2160767912848358"]
[EventDate "1982.07.16"]
[EventType "swiss"]
[EventRounds "5"]
[EventCountry "CAN"]
[SourceTitle "hb 2011"]

1. c4 c5 2. Nf3 Nf6 3. Nc3 Nc6 4. e3 d5 5. cxd5 Nxd5 6. Bb5 Ndb4 7. d4 a6 8. Bxc6+ Nxc6 9. d5 Na5 10. e4 g6 11. Be3 b6 12. O-O Bg7 13. h3 O-O 14. Qe2 Bd7 15. Rfd1 Qb8 16. Rac1 Rc8 17. Bg5 Re8 18. e5 f6 19. Bf4 e6 20. d6 f5 21. h4 h6 22. h5 g5 23. Nxg5 hxg5 24. Bxg5 Nc6 25. f4 Rf8 26. h6 Bh8 27. h7+ Kxh7 28. Qh5+ Kg8 29. Qg6+ Bg7 30. Bh6 Rf7 31. Rd3 Qf8 32. Kf2 Be8 33. Rg3 Nd4 34. Rh1 Raa7 35. Qh7+ 1-0

[Event "Pre-COQ"]
[Site "Montreal CAN"]
[Date "1982.07.18"]
[Round "4"]
[White "Rousseau, Daniel"]
[Black "Alain, Benoit"]
[Result "1-0"]
[WhiteElo "2091"]
[BlackElo "1833"]
[PlyCount "47"]
[GameId "2160767912848360"]
[EventDate "1982.07.16"]
[EventType "swiss"]
[EventRounds "5"]
[EventCountry "CAN"]
[SourceTitle "hb 2011"]

1. e4 c6 2. d4 d5 3. Nc3 dxe4 4. Nxe4 Nf6 5. Ng3 Nbd7 6. Nf3 e6 7. Bc4 Be7 8. Qe2 Nb6 9. Bb3 a5 10. a3 O-O 11. O-O Nbd5 12. c4 Nc7 13. Bf4 b5 14. Bxc7 Qxc7 15. Rac1 a4 16. Ba2 bxc4 17. Bxc4 Rd8 18. Rfe1 Qb6 19. Ne5 c5 20. Ne4 cxd4 21. Ng5 Rf8 22. Nexf7 Rxf7 23. Bxe6 Qxe6 24. Nxe6 1-0

[Event "Pre-COQ"]
[Site "Montreal CAN"]
[Date "1982.07.18"]
[Round "5"]
[White "Quance, Robert"]
[Black "Rousseau, Daniel"]
[Result "1-0"]
[WhiteElo "1846"]
[BlackElo "2091"]
[PlyCount "69"]
[GameId "2160767912848361"]
[EventDate "1982.07.16"]
[EventType "swiss"]
[EventRounds "5"]
[EventCountry "CAN"]
[SourceTitle "hb 2011"]

1. e4 e5 2. Nf3 Nc6 3. Bc4 Nf6 4. Ng5 d5 5. exd5 Na5 6. Bb5+ c6 7. dxc6 bxc6 8. Be2 h6 9. Nh3 Bc5 10. d3 O-O 11. O-O Nd5 12. c4 Bxh3 13. cxd5 Bd7 14. dxc6 Nxc6 15. Be3 Bxe3 16. fxe3 Qb6 17. Qd2 Rab8 18. b3 Rbe8 19. Na3 Be6 20. Nc4 Bxc4 21. dxc4 Rd8 22. Qc3 Qc5 23. Rad1 e4 24. Bg4 Qg5 25. Be2 Ne5 26. Kh1 Rfe8 27. c5 Nd3 28. Bxd3 Qxe3 29. Rfe1 Qf2 30. Qc2 e3 31. Qxf2 exf2 32. Rxe8+ Rxe8 33. Rf1 Rd8 34. Bc4 Rd2 35. g3 1-0

[Event "Printanier/Spring op"]
[Site "Montreal CAN"]
[Date "1982.05.22"]
[Round "1"]
[White "Pankhurst, John"]
[Black "Rousseau, Daniel"]
[Result "0-1"]
[WhiteElo "1719"]
[BlackElo "2012"]
[PlyCount "82"]
[GameId "2160767912848552"]
[EventDate "1982.05.22"]
[EventType "swiss"]
[EventRounds "6"]
[EventCountry "CAN"]
[SourceTitle "hb 2011"]

1. d4 Nf6 2. c4 e6 3. Nc3 d5 4. Bg5 Be7 5. e3 O-O 6. Bd3 Nbd7 7. cxd5 Nxd5 8. Bxe7 Qxe7 9. Nxd5 exd5 10. Qc2 Nf6 11. Rc1 Bd7 12. Nf3 Bb5 13. a3 Bxd3 14. Qxd3 Ne4 15. O-O Rad8 16. b4 Rd6 17. Rc2 g5 18. Rfc1 Rc8 19. Nd2 Rh6 20. Nxe4 dxe4 21. Qe2 Qd6 22. Qg4 Qxh2+ 23. Kf1 Re8 24. Rxc7 Ree6 25. R1c5 Qh1+ 26. Ke2 Qb1 27. Rxg5+ Reg6 28. Rxg6+ Rxg6 29. Qf4 Qa2+ 30. Kf1 Qe6 31. f3 exf3 32. gxf3 Qh3+ 33. Ke2 Qg2+ 34. Kd3 Qf1+ 35. Ke4 Re6+ 36. Kd5 Qb5+ 37. Rc5 Qe8 38. e4 b6 39. Rc7 Qb5+ 40. Rc5 bxc5 41. bxc5 Qb3# 0-1

[Event "Printanier/Spring op"]
[Site "Montreal CAN"]
[Date "1982.05.22"]
[Round "2"]
[White "Rousseau, Daniel"]
[Black "Morin, Louis"]
[Result "1-0"]
[WhiteElo "2012"]
[BlackElo "1816"]
[PlyCount "85"]
[GameId "2160767912848553"]
[EventDate "1982.05.22"]
[EventType "swiss"]
[EventRounds "6"]
[EventCountry "CAN"]
[SourceTitle "hb 2011"]

1. e4 c5 2. Nf3 e6 3. d4 cxd4 4. Nxd4 Nf6 5. Bd3 Nc6 6. Nxc6 bxc6 7. O-O d5 8. e5 Nd7 9. Qe2 Nc5 10. Nc3 Nxd3 11. Qxd3 Rb8 12. Qg3 c5 13. Bg5 Qc7 14. b3 h6 15. Bf4 Bb7 16. Rad1 Bc6 17. Bc1 Qa5 18. Bd2 Qa6 19. Rde1 d4 20. Ne4 Bxe4 21. Rxe4 Qxa2 22. Qd3 Rb6 23. Ree1 Qa6 24. Qxa6 Rxa6 25. Ra1 Rxa1 26. Rxa1 Be7 27. Rxa7 Bd8 28. Kf1 O-O 29. Ke2 f6 30. Bf4 fxe5 31. Bxe5 Rf7 32. Ra8 Rd7 33. Rc8 Kf7 34. Rxc5 Bf6 35. Rc7 Rxc7 36. Bxc7 e5 37. Kd3 Ke6 38. Ke4 g6 39. b4 Be7 40. b5 Bc5 41. f3 Bd6 42. Bxd6 Kxd6 43. b6 1-0

[Event "Printanier/Spring op"]
[Site "Montreal CAN"]
[Date "1982.05.23"]
[Round "3"]
[White "Quance, Robert"]
[Black "Rousseau, Daniel"]
[Result "0-1"]
[WhiteElo "1860"]
[BlackElo "2012"]
[PlyCount "122"]
[GameId "2160767912848554"]
[EventDate "1982.05.22"]
[EventType "swiss"]
[EventRounds "6"]
[EventCountry "CAN"]
[SourceTitle "hb 2011"]

1. e4 c5 2. Nf3 Nc6 3. Nc3 d6 4. d4 cxd4 5. Nxd4 Nf6 6. Bc4 e6 7. Be3 Be7 8. Qe2 O-O 9. O-O-O a6 10. g4 Qc7 11. Bb3 Nxd4 12. Rxd4 b5 13. g5 Nd7 14. f4 Nc5 15. f5 Nxb3+ 16. axb3 Re8 17. g6 Bf6 18. gxh7+ Kh8 19. Rg1 Bb7 20. fxe6 Rxe6 21. Nd5 Bxd5 22. exd5 Re7 23. Rf4 Rae8 24. Rxf6 Rxe3 25. Qg4 Re1+ 26. Rxe1 Rxe1+ 27. Kd2 Re5 28. c4 Re8 29. Rf2 Qa5+ 30. Kc2 Qe1 31. Rg2 g6 32. Qf4 Kg7 33. Qd4+ Kxh7 34. Rd2 Qf1 35. Qf2 Qxf2 36. Rxf2 f5 37. Kd3 Kg7 38. Rc2 Re5 39. Kd4 Re4+ 40. Kd3 Rh4 41. cxb5 axb5 42. Rc6 Rxh2 43. Rxd6 Rxb2 44. Kc3 Re2 45. Kb4 f4 46. Ra6 f3 47. Ra1 f2 48. Rf1 Kf6 49. Kxb5 Ke5 50. Kc4 Ke4 51. d6 Ke3 52. b4 Rc2+ 53. Kd5 Rb2 54. Kc5 g5 55. b5 g4 56. b6 g3 57. d7 Rd2 58. b7 g2 59. Rxf2 Kxf2 60. b8=Q g1=Q 61. Qb6 Ke2+ 0-1

[Event "Printanier/Spring op"]
[Site "Montreal CAN"]
[Date "1982.05.23"]
[Round "4"]
[White "Rousseau, Daniel"]
[Black "Picard, Claude"]
[Result "1-0"]
[WhiteElo "2012"]
[BlackElo "1960"]
[PlyCount "116"]
[GameId "2160767912848555"]
[EventDate "1982.05.22"]
[EventType "swiss"]
[EventRounds "6"]
[EventCountry "CAN"]
[SourceTitle "hb 2011"]

1. e4 e5 2. Nf3 Nc6 3. Bb5 a6 4. Ba4 Nf6 5. d4 Nxd4 6. Nxd4 exd4 7. e5 Ng8 8. O-O Bc5 9. Qg4 Kf8 10. Bg5 Qe8 11. Qg3 b5 12. Bb3 Bb7 13. c3 Nh6 14. Bxh6 gxh6 15. Qf4 Rg8 16. Qxh6+ Rg7 17. g3 Qxe5 18. Nd2 Qg5 19. Qxg5 Rxg5 20. Rae1 Re8 21. Rxe8+ Kxe8 22. Re1+ Kf8 23. h4 Rf5 24. Bc2 Rf6 25. Nb3 Bb6 26. cxd4 h6 27. Nc5 Bxc5 28. dxc5 Bd5 29. a3 Rc6 30. b4 d6 31. cxd6 cxd6 32. Be4 Bxe4 33. Rxe4 Rc3 34. Re3 Rxe3 35. fxe3 Ke7 36. Kf2 Ke6 37. Kf3 Ke5 38. g4 d5 39. Kg3 Ke4 40. Kf2 f6 41. Ke2 d4 42. exd4 Kxd4 43. Kf3 Kc3 44. Kf4 Kb3 45. Kf5 Kxa3 46. Kxf6 Kxb4 47. g5 hxg5 48. hxg5 a5 49. g6 Ka3 50. g7 b4 51. g8=Q a4 52. Qf8 Kb3 53. Qf7+ Kb2 54. Qc4 Ka3 55. Qc1+ Ka2 56. Qc2+ Ka3 57. Ke5 b3 58. Qb1 b2 1-0

[Event "Printanier/Spring op"]
[Site "Montreal CAN"]
[Date "1982.05.24"]
[Round "5"]
[White "Rousseau, Daniel"]
[Black "Alvarez, Jose Luis"]
[Result "1-0"]
[WhiteElo "2012"]
[BlackElo "2034"]
[PlyCount "65"]
[GameId "2160767912848556"]
[EventDate "1982.05.22"]
[EventType "swiss"]
[EventRounds "6"]
[EventCountry "CAN"]
[SourceTitle "hb 2011"]

1. e4 e5 2. Nf3 Nc6 3. Bb5 a6 4. Ba4 Nf6 5. O-O Be7 6. Re1 b5 7. Bb3 d6 8. c3 O-O 9. h3 Na5 10. Bc2 c5 11. d4 Qc7 12. Nbd2 cxd4 13. cxd4 Nc6 14. Nf1 exd4 15. Bg5 h6 16. Bf4 a5 17. e5 dxe5 18. Bxe5 Nxe5 19. Nxe5 Bb4 20. Re2 Qd6 21. Qd3 Be6 22. Ng3 Rfc8 23. Ng4 Nxg4 24. Qh7+ Kf8 25. hxg4 Ke8 26. Nf5 Qd7 27. Qg8+ Bf8 28. Rae1 d3 29. Bxd3 Qxd3 30. Rxe6+ fxe6 31. Rxe6+ Kd7 32. Qf7+ Kd8 33. Re8# 1-0

[Event "Printanier/Spring op"]
[Site "Montreal CAN"]
[Date "1982.05.24"]
[Round "6"]
[White "Barbeau, Sylvain"]
[Black "Rousseau, Daniel"]
[Result "1/2-1/2"]
[WhiteElo "2263"]
[BlackElo "2012"]
[PlyCount "124"]
[GameId "2160767912848557"]
[EventDate "1982.05.22"]
[EventType "swiss"]
[EventRounds "6"]
[EventCountry "CAN"]
[SourceTitle "hb 2011"]

1. c4 c5 2. Nc3 Nc6 3. g3 g6 4. Bg2 Bg7 5. a3 Nf6 6. Rb1 d6 7. b4 cxb4 8. axb4 O-O 9. e4 Ne5 10. d3 Nfd7 11. Nge2 a5 12. O-O axb4 13. Rxb4 Nc5 14. d4 Ncd3 15. Ra4 Rxa4 16. Qxa4 Nxc1 17. Rxc1 Nc6 18. Qd1 Na5 19. Nd5 Bd7 20. Qd3 e6 21. Ne3 Qb8 22. Rb1 Rc8 23. Nc3 Qa7 24. Nb5 Qa6 25. Na3 Nc6 26. Nac2 Qa7 27. Rd1 Qb6 28. f4 Ra8 29. e5 dxe5 30. fxe5 Ra2 31. Qe4 Qb2 32. Rf1 Nd8 33. Qf4 h6 34. Ne1 g5 35. Qe4 b5 36. Nd3 Qa3 37. Rd1 bxc4 38. Nxc4 Qb3 39. Ne3 Bc6 40. Qg4 Bxg2 41. Nxg2 Nc6 42. Nde1 Ne7 43. Rd3 Qb2 44. Qf3 Nd5 45. Kh1 Bf8 46. Qh5 Qe2 47. Rf3 Ra7 48. h4 Nc3 49. hxg5 Ne4 50. gxh6 Kh8 51. Kh2 Bb4 52. Qg4 f5 53. exf6 Bxe1 54. Qf4 Rf7 55. Qe3 Bxg3+ 56. Rxg3 Nxg3 57. Qxg3 Qh5+ 58. Kg1 Qxh6 59. Qb8+ Kh7 60. Qb1+ Qg6 61. Qxg6+ Kxg6 62. Kf2 Kxf6 1/2-1/2

[Event "Quebec-ch qual. 2"]
[Site "Montreal CAN"]
[Date "1982.05.14"]
[Round "1"]
[White "Rousseau, Daniel"]
[Black "Bergeron, Normand"]
[Result "0-1"]
[WhiteElo "2012"]
[BlackElo "1590"]
[PlyCount "131"]
[GameId "2160767912848570"]
[EventDate "1982.05.14"]
[EventType "swiss"]
[EventRounds "5"]
[EventCountry "CAN"]
[SourceTitle "hb 2011"]

1. e4 c5 2. Nf3 Nc6 3. d4 cxd4 4. Nxd4 Nf6 5. Nc3 e5 6. Ndb5 d6 7. Bg5 a6 8. Na3 b5 9. Nd5 Be7 10. Bxf6 Bxf6 11. c3 Bg5 12. Nc2 O-O 13. Bd3 Be6 14. Nce3 g6 15. O-O f5 16. a4 Rb8 17. Qe2 fxe4 18. Bxe4 Ne7 19. axb5 Bxe3 20. Nxe3 d5 21. Rfd1 axb5 22. Nc2 Qb6 23. Bd3 e4 24. Nd4 exd3 25. Qxe6+ Qxe6 26. Nxe6 Rf6 27. Nc7 Rc6 28. Na6 Ra8 29. Nb4 Rxa1 30. Rxa1 Rc4 31. Nxd3 d4 32. Ne5 Rc8 33. cxd4 Rc2 34. g3 Rxb2 35. Ra7 Kf8 36. Kg2 b4 37. Rb7 b3 38. Nd3 Rb1 39. Nc5 b2 40. Na4 Rd1 41. Rxb2 Rxd4 42. Nc5 Kf7 43. Rb7 Rd2 44. Ne4 Rd5 45. h4 h6 46. g4 Ra5 47. Ng3 Kf6 48. h5 g5 49. Ne4+ Kf7 50. Nd6+ Kf8 51. Rb8+ Kg7 52. Re8 Ng8 53. Re6 Nf6 54. f3 Ra7 55. Nf5+ Kf7 56. Rc6 Nd5 57. Nxh6+ Kf8 58. Rc8+ Kg7 59. Nf5+ Kf6 60. Re8 Nf4+ 61. Kf1 Rf7 62. Ng3 Kg7 63. Ne4 Nh3 64. Kg2 Nf4+ 65. Kg3 Kh6 66. Rg8 0-1

[Event "Quebec-ch qual. 2"]
[Site "Montreal CAN"]
[Date "1982.05.15"]
[Round "2"]
[White "Gilbert, Erick"]
[Black "Rousseau, Daniel"]
[Result "1-0"]
[WhiteElo "1790"]
[BlackElo "2012"]
[PlyCount "139"]
[GameId "2160767912848571"]
[EventDate "1982.05.14"]
[EventType "swiss"]
[EventRounds "5"]
[EventCountry "CAN"]
[SourceTitle "hb 2011"]

1. d4 Nf6 2. c4 e6 3. Nf3 d5 4. e3 c5 5. Nc3 Nc6 6. cxd5 exd5 7. Bb5 a6 8. Bxc6+ bxc6 9. O-O Bd6 10. Qc2 Qc7 11. h3 O-O 12. Na4 c4 13. b3 cxb3 14. axb3 Ne4 15. Ba3 Bxa3 16. Rxa3 Qd6 17. Nc5 Nxc5 18. Qxc5 Qxc5 19. dxc5 f5 20. Nd4 Bb7 21. Ra4 Rae8 22. Rb4 Re7 23. Ne2 g5 24. g3 Bc8 25. Ra1 Rb7 26. Raa4 Rb5 27. Rxb5 cxb5 28. Rd4 Bb7 29. Nc3 Rd8 30. b4 Kf7 31. f3 Ke7 32. Rd1 f4 33. gxf4 gxf4 34. exf4 Kf6 35. Ne2 a5 36. Nd4 axb4 37. c6 Bc8 38. h4 Ke7 39. Nxb5 Rg8+ 40. Kh2 Be6 41. Re1 Kf6 42. Nd4 Bc8 43. Rb1 Ke7 44. Rxb4 Kd6 45. Rb2 Ba6 46. Ra2 Bc4 47. Rd2 Re8 48. f5 Kc5 49. f6 Kd6 50. Rb2 Ba6 51. Ra2 Bd3 52. Ra3 Bg6 53. Ra7 Kc5 54. f7 Bxf7 55. Rxf7 Kxd4 56. c7 Ra8 57. Rd7 Ra2+ 58. Kg3 Rc2 59. Rxh7 Ke5 60. Re7+ Kd6 61. Re1 Rxc7 62. f4 Rc3+ 63. Kg4 Rc2 64. h5 d4 65. Rh1 d3 66. h6 Rg2+ 67. Kf5 Rg8 68. h7 Rf8+ 69. Kg6 d2 70. h8=Q 1-0

[Event "Quebec-ch qual. 2"]
[Site "Montreal CAN"]
[Date "1982.05.15"]
[Round "3"]
[White "Rousseau, Daniel"]
[Black "Liard, Serge"]
[Result "1-0"]
[WhiteElo "2012"]
[BlackElo "1774"]
[PlyCount "45"]
[GameId "2160767912848572"]
[EventDate "1982.05.14"]
[EventType "swiss"]
[EventRounds "5"]
[EventCountry "CAN"]
[SourceTitle "hb 2011"]

1. e4 e5 2. Nf3 f5 3. exf5 e4 4. Ne5 Nf6 5. Be2 d6 6. Bh5+ Ke7 7. Nf7 Qe8 8. Nxh8 Nxh5 9. d3 d5 10. O-O Nf6 11. Bg5 Bxf5 12. dxe4 dxe4 13. Nc3 c6 14. f3 Nbd7 15. fxe4 Be6 16. e5 Nxe5 17. Qe2 Kd6 18. Bxf6 gxf6 19. Ne4+ Kc7 20. Nxf6 Bc5+ 21. Kh1 Qxh8 22. Qxe5+ Bd6 23. Qxe6 1-0

[Event "Quebec-ch qual. 2"]
[Site "Montreal CAN"]
[Date "1982.05.16"]
[Round "4"]
[White "Fraser, Michel"]
[Black "Rousseau, Daniel"]
[Result "1-0"]
[WhiteElo "1887"]
[BlackElo "2012"]
[PlyCount "49"]
[GameId "2160767912848573"]
[EventDate "1982.05.14"]
[EventType "swiss"]
[EventRounds "5"]
[EventCountry "CAN"]
[SourceTitle "hb 2011"]

1. e4 c5 2. Nf3 Nc6 3. c3 Nf6 4. Qc2 Qc7 5. d4 d5 6. exd5 Nxd5 7. dxc5 e6 8. Bc4 Nf6 9. b4 Be7 10. O-O O-O 11. Na3 a5 12. Nb5 Qb8 13. Bd2 b6 14. cxb6 Ba6 15. a4 Rc8 16. Rfb1 Qxb6 17. Qb3 Qb7 18. Re1 Bf8 19. Rad1 Na7 20. Nfd4 Re8 21. Bf4 Rac8 22. Bd6 Bxd6 23. Nxd6 Bxc4 24. Nxc4 axb4 25. Nd6 1-0

[Event "Quebec-ch qual. 1"]
[Site "Montreal CAN"]
[Date "1982.04.17"]
[Round "3"]
[White "Gagnon, Michel"]
[Black "Rousseau, Daniel"]
[Result "1/2-1/2"]
[WhiteElo "2050"]
[BlackElo "1913"]
[PlyCount "119"]
[GameId "2160767912848580"]
[EventDate "1982.04.16"]
[EventType "swiss"]
[EventRounds "5"]
[EventCountry "CAN"]
[SourceTitle "hb 2011"]

1. e4 e5 2. Nf3 Nc6 3. Bb5 a6 4. Ba4 Nf6 5. d4 exd4 6. O-O Be7 7. e5 Ne4 8. Re1 Nc5 9. Bxc6 dxc6 10. Nxd4 Ne6 11. Nf5 Qxd1 12. Rxd1 Bc5 13. Nc3 Bd7 14. Ne4 Bf8 15. Be3 O-O-O 16. Nfg3 h5 17. Rd2 h4 18. Ne2 Rh5 19. f4 Be7 20. Rad1 Nf8 21. Bc5 Re8 22. Bxe7 Rxe7 23. Nc5 b6 24. Nxd7 Rxd7 25. Kf2 Rxd2 26. Rxd2 g5 27. g3 hxg3+ 28. hxg3 gxf4 29. gxf4 Ne6 30. Kf3 Rh2 31. Kg3 Nd4 32. Kxh2 Nf3+ 33. Kg2 Nxd2 34. b3 Kd7 35. Kf2 Ne4+ 36. Ke3 Nc5 37. f5 Nb7 38. Nc3 Nc5 39. Ne4 Nb7 40. Kd4 Nd8 41. Ng5 Ke7 42. Ke4 f6 43. exf6+ Kxf6 44. Kf4 c5 45. Ne4+ Kf7 46. Nc3 Ke7 47. Nd5+ Kd6 48. Ne3 b5 49. Kg5 Ke5 50. Ng4+ Kd5 51. Kf6 c4 52. Ke7 cxb3 53. cxb3 Nb7 54. f6 Nd6 55. b4 Kc4 56. Ne5+ Kxb4 57. Kd7 Ka3 58. Kxc7 Ne8+ 59. Kb6 Nxf6 60. Kxa6 1/2-1/2

[Event "Quebec-ch qual. 1"]
[Site "Montreal CAN"]
[Date "1982.04.18"]
[Round "4"]
[White "Rousseau, Daniel"]
[Black "Williams, Leo"]
[Result "0-1"]
[WhiteElo "1913"]
[BlackElo "2184"]
[PlyCount "53"]
[GameId "2160767912848581"]
[EventDate "1982.04.16"]
[EventType "swiss"]
[EventRounds "5"]
[EventCountry "CAN"]
[SourceTitle "hb 2011"]

1. e4 c5 2. Nf3 d6 3. d4 cxd4 4. Nxd4 Nf6 5. Nc3 Nc6 6. Bg5 e6 7. Qd2 Be7 8. O-O-O O-O 9. f4 h6 10. h4 Bd7 11. Ndb5 d5 12. exd5 Nxd5 13. Nxd5 exd5 14. Bxe7 Nxe7 15. Nd4 Nc6 16. Be2 Rc8 17. g4 Re8 18. Bf3 Nxd4 19. Qxd4 Rc4 20. Qd2 Qc7 21. Bxd5 Rxf4 22. g5 Bg4 23. Rde1 Rd8 24. gxh6 Rf5 25. Qg2 Qf4+ 26. Kb1 Rfxd5 27. Rhf1 0-1

[Event "Ledain mem"]
[Site "Montreal CAN"]
[Date "1982.04.09"]
[Round "1"]
[White "Bolduc, Steve"]
[Black "Rousseau, Daniel"]
[Result "1/2-1/2"]
[WhiteElo "2039"]
[BlackElo "1859"]
[PlyCount "91"]
[GameId "2160767912848583"]
[EventDate "1982.04.09"]
[EventType "swiss"]
[EventRounds "6"]
[EventCountry "CAN"]
[SourceTitle "hb 2011"]

1. d4 Nf6 2. c4 e6 3. Nc3 Bb4 4. e3 c5 5. Bd3 O-O 6. Nge2 d5 7. O-O Nc6 8. dxc5 Bxc5 9. cxd5 exd5 10. a3 Bg4 11. f3 Bd7 12. b4 Bb6 13. Na4 Bc7 14. Bb2 Re8 15. Nc5 Bc8 16. Qd2 Qe7 17. e4 Bb6 18. Kh1 a5 19. exd5 Nxd5 20. b5 Bxc5 21. bxc6 bxc6 22. Nd4 Bd7 23. Rfe1 Qh4 24. Re4 Rxe4 25. fxe4 Nc7 26. Nf3 Qh5 27. Rc1 Ne6 28. e5 Be7 29. Bxh7+ Kxh7 30. Qxd7 Bg5 31. Nxg5+ Qxg5 32. Qxc6 Rd8 33. Qe4+ Kg8 34. Rf1 Nc5 35. Qf3 Qg6 36. h3 Ne4 37. Kh2 Nd2 38. Qf2 Nxf1+ 39. Qxf1 Qc2 40. Qb5 Rd2 41. Qb7 Qxb2 42. Qc8+ Kh7 43. Qf5+ Kg8 44. Qc8+ Kh7 45. Qf5+ Kh6 46. Qf4+ 1/2-1/2

[Event "Ledain mem"]
[Site "Montreal CAN"]
[Date "1982.04.09"]
[Round "2"]
[White "Lake, Perry"]
[Black "Rousseau, Daniel"]
[Result "0-1"]
[WhiteElo "2005"]
[BlackElo "1859"]
[PlyCount "92"]
[GameId "2160767912848584"]
[EventDate "1982.04.09"]
[EventType "swiss"]
[EventRounds "6"]
[EventCountry "CAN"]
[SourceTitle "hb 2011"]

1. g3 g6 2. Bg2 Bg7 3. d3 Nf6 4. f4 d6 5. Nf3 O-O 6. O-O c6 7. e4 Qb6+ 8. Kh1 Nbd7 9. Qe2 e5 10. c3 Re8 11. Be3 Qa6 12. Nbd2 d5 13. Nxe5 dxe4 14. Ndc4 exd3 15. Qxd3 Nxe5 16. fxe5 Ng4 17. Rad1 Be6 18. Nd6 Qxd3 19. Rxd3 Red8 20. Bd4 Nxe5 21. Bxe5 Bxe5 22. Rfd1 Bxd6 23. Rxd6 Rxd6 24. Rxd6 Bxa2 25. Rd7 Rb8 26. Bh3 Bd5+ 27. Kg1 a5 28. Kf2 b5 29. Rc7 b4 30. c4 Bxc4 31. Rxc6 Bb3 32. Ra6 Rd8 33. Ke3 Rd5 34. Bg2 Re5+ 35. Kd2 Re2+ 36. Kxe2 Bc4+ 37. Kd2 Bxa6 38. Kc2 Bc4 39. Bc6 Kf8 40. Kd2 Ke7 41. Ke3 Kd6 42. Ba4 Kc5 43. Ke4 f6 44. h4 Bb5 45. Bb3 a4 46. Bg8 a3 0-1

[Event "Ledain mem"]
[Site "Montreal CAN"]
[Date "1982.04.10"]
[Round "3"]
[White "Rousseau, Daniel"]
[Black "Dupuis, Stephane"]
[Result "1-0"]
[WhiteElo "1859"]
[BlackElo "2039"]
[PlyCount "71"]
[GameId "2160767912848587"]
[EventDate "1982.04.09"]
[EventType "swiss"]
[EventRounds "6"]
[EventCountry "CAN"]
[SourceTitle "hb 2011"]

1. e4 c5 2. Nf3 e6 3. d4 cxd4 4. Nxd4 Nf6 5. Nc3 d6 6. Bc4 Be7 7. Be3 Nc6 8. Qe2 a6 9. O-O-O Qc7 10. Bb3 Bd7 11. g4 h6 12. Rhg1 O-O-O 13. h4 h5 14. gxh5 Nxh5 15. f4 Nxd4 16. Rxd4 Kb8 17. Rc4 Qa5 18. Qf2 e5 19. f5 Nf4 20. Bb6 Bxh4 21. Qe3 Bg5 22. Rxg5 Rh1+ 23. Rg1 Rxg1+ 24. Qxg1 Qxc3 25. Rxc3 Ne2+ 26. Kd2 Nxg1 27. Bxg1 Bc6 28. Bxf7 Bxe4 29. Bb6 Rh8 30. Rc7 d5 31. Be6 d4 32. b3 g6 33. f6 Bf5 34. Bd5 Bc8 35. Re7 Rh2+ 36. Kc1 1-0